000 00513nam a2200181Ia 4500
008 151202s9999||||xx |||||||||||||| ||und||
082 _bPNVM-26920
100 _aभावे पु.भा.
245 _aविनडक कथा भाग 2.
260 _b---
260 _c0
300 _a0
600 _aभावे पु.भा.
630 _aविनडक कथा भाग 2.
700 _aभावे पु.भा.
730 _aविनडक कथा भाग 2.
942 _cBOOK
999 _c1292889
_d1292886